[Event "Deutsche Ländermeisterschaft 2017"]
[Site "Hannover GER"]
[Date "2017.10.01"]
[Round "3"]
[White "Hess, Max"]
[Black "Wachinger, Nikolas"]
[Result "1-0"]
[Termination "normal"]
[Board "5.1"]
[WhiteElo "2251"]
[BlackElo "2048"]
[WhiteClock "00:17:53"]
[BlackClock "00:03:42"]
[WhiteTeam "Bayern"]
[BlackTeam "Bremen"]
[PlyCount "71"]
[WhiteFideId "24656666"]
[BlackFideId "12962791"]
[EventCountry "GER"]
[EventRounds "7"]
[EventType "team-swiss"]
[EventDate "2017.09.29"]

1. d4 {[%clk 1:30:57]} Nf6 {[%clk 1:30:50]} 2. Bf4 {[%clk 1:31:21]} d5 {[%clk
1:30:09]} 3. e3 {[%clk 1:31:39]} c5 {[%clk 1:30:13]} 4. c3 {[%clk 1:32:00]} Nc6
{[%clk 1:30:31]} 5. Nd2 {[%clk 1:32:20]} e6 {[%clk 1:30:32]} 6. Ngf3 {[%clk
1:32:42]} Bd6 {[%clk 1:29:14]} 7. Bg3 {[%clk 1:31:52]} O-O {[%clk 1:29:30]} 8.
Bd3 {[%clk 1:32:02]} b6 {[%clk 1:29:03]} 9. e4 {[%clk 1:31:58]} Be7 {[%clk
1:28:20]} 10. e5 {[%clk 1:32:03]} Nh5 {[%clk 1:28:35]} 11. Qe2 {[%clk 1:29:29]}
g6 {[%clk 1:22:54]} 12. O-O {[%clk 1:25:14]} Bb7 {[%clk 1:09:31]} 13. Rfd1
{[%clk 1:16:42]} Nxg3 {[%clk 0:54:44]} 14. hxg3 {[%clk 1:16:57]} a6 {[%clk
0:55:05]} 15. Nf1 {[%clk 1:11:45]} b5 {[%clk 0:52:43]} 16. Ne3 {[%clk 1:02:12]}
Qb6 {[%clk 0:48:19]} 17. Rac1 {[%clk 0:55:28]} cxd4 {[%clk 0:39:08]} 18. cxd4
{[%clk 0:55:36]} Nb4 {[%clk 0:38:37]} 19. Bb1 {[%clk 0:54:45]} Rfc8 {[%clk
0:38:57]} 20. Rxc8+ {[%clk 0:49:42]} Rxc8 {[%clk 0:39:06]} 21. g4 {[%clk
0:49:48]} Nc6 {[%clk 0:24:49]} 22. g3 {[%clk 0:42:58]} Kg7 {[%clk 0:21:11]} 23.
Kg2 {[%clk 0:40:21]} Qd8 {[%clk 0:14:25]} 24. Qd2 {[%clk 0:37:01]} Qa5 {[%clk
0:14:17]} 25. Qe2 {[%clk 0:35:17]} Qd8 {[%clk 0:14:38]} 26. Qd3 {[%clk
0:35:23]} Na5 {[%clk 0:12:45]} 27. Rh1 {[%clk 0:30:00]} Nc4 {[%clk 0:12:14]}
28. b3 {[%clk 0:29:24]} Nxe3+ {[%clk 0:04:55]} 29. Qxe3 {[%clk 0:29:44]} Qh8
{[%clk 0:05:12]} 30. Ng5 {[%clk 0:26:10]} h6 {[%clk 0:04:01]} 31. Nxf7 {[%clk
0:20:36]} Kxf7 {[%clk 0:04:22]} 32. Rxh6 {[%clk 0:21:00]} Qg7 {[%clk 0:03:15]}
33. Bxg6+ {[%clk 0:18:01]} Qxg6 {[%clk 0:03:13]} 34. Rxg6 {[%clk 0:17:45]} Kxg6
{[%clk 0:03:35]} 35. Qd3+ {[%clk 0:17:36]} Kg7 {[%clk 0:03:42]} 36. f4 {[%clk
0:17:53]} 1-0

[Event "Deutsche Ländermeisterschaft 2017"]
[Site "Hannover GER"]
[Date "2017.10.01"]
[Round "3"]
[White "Goldbeck, Lars"]
[Black "Heldt, Nils-Lennart"]
[Result "0-1"]
[Termination "normal"]
[Board "5.3"]
[WhiteElo "2178"]
[BlackElo "2001"]
[WhiteClock "00:07:15"]
[BlackClock "00:06:14"]
[WhiteTeam "Bayern"]
[BlackTeam "Bremen"]
[PlyCount "98"]
[WhiteFideId "16208188"]
[BlackFideId "12952109"]
[EventCountry "GER"]
[EventRounds "7"]
[EventType "team-swiss"]
[EventDate "2017.09.29"]

1. Nf3 {[%clk 1:30:53]} d5 {[%clk 1:30:41]} 2. g3 {[%clk 1:31:13]} Nf6 {[%clk
1:30:39]} 3. Bg2 {[%clk 1:31:41]} Bg4 {[%clk 1:30:48]} 4. c4 {[%clk 1:31:03]}
c6 {[%clk 1:29:09]} 5. O-O {[%clk 1:30:54]} e6 {[%clk 1:29:15]} 6. cxd5 {[%clk
1:28:37]} exd5 {[%clk 1:28:55]} 7. d3 {[%clk 1:27:56]} Be7 {[%clk 1:27:28]} 8.
Qe1 {[%clk 1:25:49]} O-O {[%clk 1:26:21]} 9. e4 {[%clk 1:23:45]} dxe4 {[%clk
1:25:33]} 10. dxe4 {[%clk 1:24:14]} Nbd7 {[%clk 1:25:33]} 11. Bf4 {[%clk
1:16:29]} Re8 {[%clk 1:23:57]} 12. a3 {[%clk 1:06:54]} Nc5 {[%clk 1:10:25]} 13.
Ne5 {[%clk 1:02:29]} Nb3 {[%clk 1:09:34]} 14. Nxg4 {[%clk 0:47:19]} Nxa1 {[%clk
1:06:00]} 15. Nxf6+ {[%clk 0:40:20]} Bxf6 {[%clk 1:06:07]} 16. e5 {[%clk
0:40:43]} g5 {[%clk 1:01:47]} 17. Qc3 {[%clk 0:38:16]} Bg7 {[%clk 1:00:13]} 18.
Bxg5 {[%clk 0:32:06]} Qxg5 {[%clk 0:58:57]} 19. f4 {[%clk 0:32:34]} Bxe5 {[%clk
0:56:05]} 20. fxe5 Qxe5 {[%clk 0:55:53]} 21. Qc4 {[%clk 0:29:40]} Qe6 {[%clk
0:53:47]} 22. Qb4 {[%clk 0:26:21]} Rab8 {[%clk 0:49:07]} 23. Nc3 {[%clk
0:25:19]} Nc2 {[%clk 0:45:33]} 24. Qh4 {[%clk 0:24:55]} f5 {[%clk 0:32:47]} 25.
Bh3 {[%clk 0:23:24]} Ne3 {[%clk 0:31:11]} 26. Re1 {[%clk 0:22:10]} Qg6 {[%clk
0:30:19]} 27. Qf4 {[%clk 0:16:52]} Nd5 {[%clk 0:29:10]} 28. Rxe8+ {[%clk
0:17:16]} Rxe8 {[%clk 0:29:31]} 29. Nxd5 {[%clk 0:17:41]} cxd5 {[%clk 0:29:49]}
30. Bxf5 {[%clk 0:17:52]} Qb6+ {[%clk 0:28:34]} 31. Kg2 {[%clk 0:14:45]} Qxb2+
{[%clk 0:28:46]} 32. Kh3 {[%clk 0:15:14]} Qg7 {[%clk 0:28:19]} 33. Qd6 {[%clk
0:14:51]} Qe5 {[%clk 0:25:16]} 34. Qd7 {[%clk 0:14:52]} Re7 {[%clk 0:25:22]}
35. Qd8+ {[%clk 0:14:40]} Kg7 {[%clk 0:25:28]} 36. Bg4 {[%clk 0:14:29]} d4
{[%clk 0:22:59]} 37. Bf3 {[%clk 0:14:22]} Rf7 {[%clk 0:18:50]} 38. Bd5 {[%clk
0:11:52]} Qh5+ {[%clk 0:15:51]} 39. Kg2 {[%clk 0:11:59]} Qe2+ {[%clk 0:16:09]}
40. Kh3 {[%clk 0:12:14]} Qf1+ {[%clk 0:15:27]} 41. Bg2 {[%clk 0:10:07]} Qf6
{[%clk 0:15:11]} 42. Qe8 {[%clk 0:09:27]} Qe7 {[%clk 0:13:04]} 43. Qb8 {[%clk
0:08:49]} h5 {[%clk 0:12:00]} 44. Bh1 {[%clk 0:06:30]} Rf2 {[%clk 0:08:18]} 45.
Qc8 {[%clk 0:06:27]} Rf7 {[%clk 0:06:09]} 46. Qb8 {[%clk 0:06:28]} Qe6+ {[%clk
0:05:58]} 47. Kg2 {[%clk 0:06:55]} Qe4+ {[%clk 0:06:02]} 48. Kg1 {[%clk
0:07:14]} Qe2 {[%clk 0:05:54]} 49. Bg2 {[%clk 0:07:15]} Qe1+ {[%clk 0:06:14]}
0-1

[Event "Deutsche Ländermeisterschaft 2017"]
[Site "Hannover GER"]
[Date "2017.10.01"]
[Round "3"]
[White "Wachinger, David"]
[Black "Huber, Benedikt"]
[Result "0-1"]
[Termination "normal"]
[Board "5.4"]
[WhiteElo "1945"]
[BlackElo "2044"]
[WhiteClock "00:01:23"]
[BlackClock "00:49:02"]
[WhiteTeam "Bremen"]
[BlackTeam "Bayern"]
[PlyCount "70"]
[WhiteFideId "24692689"]
[BlackFideId "12923583"]
[EventCountry "GER"]
[EventRounds "7"]
[EventType "team-swiss"]
[EventDate "2017.09.29"]

1. d4 {[%clk 1:30:59]} Nf6 {[%clk 1:30:45]} 2. c4 {[%clk 1:31:13]} g6 {[%clk
1:30:37]} 3. g3 {[%clk 1:27:18]} Bg7 {[%clk 1:30:21]} 4. Bg2 {[%clk 1:27:15]}
O-O {[%clk 1:29:23]} 5. Nc3 {[%clk 1:26:23]} d6 {[%clk 1:27:00]} 6. Nf3 {[%clk
1:24:50]} Nc6 {[%clk 1:26:07]} 7. O-O {[%clk 1:24:55]} a6 {[%clk 1:24:41]} 8.
Bf4 {[%clk 1:23:51]} Rb8 {[%clk 1:21:41]} 9. Rc1 {[%clk 1:22:23]} Bd7 10. Re1
{[%clk 0:38:36]} Nh5 {[%clk 1:17:08]} 11. Be3 {[%clk 0:36:11]} b5 {[%clk
1:12:18]} 12. cxb5 {[%clk 0:32:04]} axb5 {[%clk 1:12:41]} 13. d5 {[%clk
0:23:44]} Na5 {[%clk 1:11:32]} 14. Bd4 {[%clk 0:22:34]} Nf6 {[%clk 1:10:17]}
15. e4 {[%clk 0:21:16]} b4 {[%clk 1:10:19]} 16. Nb1 {[%clk 0:20:47]} c5 {[%clk
1:08:08]} 17. dxc6 {[%clk 0:20:06]} Nxc6 {[%clk 1:07:56]} 18. Nbd2 {[%clk
0:13:18]} Nxd4 19. Nxd4 {[%clk 0:13:36]} Qa5 {[%clk 1:05:38]} 20. N4b3 {[%clk
0:11:13]} Qa7 {[%clk 1:02:06]} 21. h3 {[%clk 0:08:36]} Rfc8 {[%clk 1:00:07]}
22. Rxc8+ Rxc8 {[%clk 1:00:18]} 23. Qb1 {[%clk 0:04:57]} Be6 {[%clk 0:59:06]}
24. Rc1 {[%clk 0:03:00]} Rxc1+ {[%clk 0:59:20]} 25. Nxc1 {[%clk 0:03:16]} Nd7
{[%clk 0:59:28]} 26. Ncb3 {[%clk 0:03:09]} Nc5 {[%clk 0:55:35]} 27. Bf1 {[%clk
0:01:03]} Na4 {[%clk 0:53:36]} 28. a3 {[%clk 0:01:00]} bxa3 {[%clk 0:52:47]}
29. bxa3 {[%clk 0:01:28]} Nc3 {[%clk 0:53:08]} 30. Qc2 {[%clk 0:00:50]} Qxa3
{[%clk 0:52:37]} 31. Bg2 {[%clk 0:01:01]} Qa4 {[%clk 0:49:41]} 32. Kh2 {[%clk
0:00:58]} Qa7 {[%clk 0:50:09]} 33. f4 {[%clk 0:00:55]} Ne2 {[%clk 0:49:02]} 34.
Nf3 {[%clk 0:01:23]} Qf2 35. Ng1 Qxg1# 0-1

[Event "Deutsche Ländermeisterschaft 2017"]
[Site "Hannover GER"]
[Date "2017.10.01"]
[Round "3"]
[White "Schilay, Eva"]
[Black "Petri, Ben-Luca"]
[Result "0-1"]
[Termination "normal"]
[Board "5.5"]
[WhiteElo "1678"]
[BlackElo "1744"]
[WhiteClock "00:30:49"]
[BlackClock "00:59:50"]
[WhiteTeam "Bayern"]
[BlackTeam "Bremen"]
[PlyCount "69"]
[WhiteFideId "12930164"]
[BlackFideId "12947261"]
[EventCountry "GER"]
[EventRounds "7"]
[EventType "team-swiss"]
[EventDate "2017.09.29"]

1. Nc3 {[%clk 1:30:56]} Nf6 {[%clk 1:30:38]} 2. e4 {[%clk 1:31:01]} e5 {[%clk
1:30:54]} 3. Bc4 {[%clk 1:30:23]} Nc6 {[%clk 1:31:04]} 4. d3 {[%clk 1:30:46]}
Na5 {[%clk 1:30:45]} 5. Bg5 {[%clk 1:27:39]} Be7 {[%clk 1:28:27]} 6. Bb3 {[%clk
1:25:32]} Nxb3 {[%clk 1:24:01]} 7. axb3 {[%clk 1:26:00]} c6 {[%clk 1:23:45]} 8.
Nf3 {[%clk 1:24:38]} d6 {[%clk 1:23:26]} 9. h3 {[%clk 1:14:10]} O-O {[%clk
1:22:22]} 10. O-O {[%clk 1:13:39]} Qc7 {[%clk 1:18:03]} 11. d4 {[%clk 1:05:37]}
Be6 {[%clk 1:16:09]} 12. Qe2 {[%clk 0:51:21]} exd4 {[%clk 1:14:06]} 13. Nxd4
{[%clk 0:49:47]} Rfe8 {[%clk 1:12:34]} 14. Rfe1 {[%clk 0:41:56]} h6 {[%clk
1:09:55]} 15. Bh4 {[%clk 0:40:01]} Nd7 {[%clk 1:05:26]} 16. Nxe6 {[%clk
0:32:49]} fxe6 {[%clk 1:05:41]} 17. Qg4 {[%clk 0:32:04]} Bxh4 {[%clk 1:05:43]}
18. Qxh4 {[%clk 0:32:33]} e5 {[%clk 1:03:26]} 19. Rad1 {[%clk 0:29:09]} Nc5
{[%clk 1:01:04]} 20. Re3 {[%clk 0:25:20]} Ne6 {[%clk 1:00:31]} 21. Rg3 {[%clk
0:22:57]} Kh8 {[%clk 0:58:40]} 22. Qg4 {[%clk 0:20:58]} Rad8 {[%clk 0:56:37]}
23. Ne2 {[%clk 0:14:57]} Re7 {[%clk 0:47:56]} 24. Rdd3 {[%clk 0:13:35]} Qa5
{[%clk 0:45:07]} 25. Rd1 {[%clk 0:05:41]} d5 {[%clk 0:35:15]} 26. Qf5 {[%clk
0:02:21]} d4 {[%clk 0:34:40]} 27. Rg6 {[%clk 0:01:41]} Rf8 {[%clk 0:34:15]} 28.
Qg4 {[%clk 0:02:06]} Nf4 {[%clk 0:32:18]} 29. Nxf4 {[%clk 0:00:51]} Rxf4 {[%clk
0:32:44]} 30. Qe2 {[%clk 0:00:44]} Ref7 {[%clk 0:32:11]} 31. f3 {[%clk
0:00:57]} Kh7 {[%clk 0:32:05]} 32. Re6 {[%clk 0:01:26]} Qc5 {[%clk 0:30:30]}
33. Qc4 {[%clk 0:00:46]} Qa5 {[%clk 0:29:37]} 34. Qa4 {[%clk 0:30:22]} Qb6
{[%clk 0:59:50]} 35. Kh2 {[%clk 0:30:49]} 0-1

[Event "Deutsche Ländermeisterschaft 2017"]
[Site "Hannover GER"]
[Date "2017.10.01"]
[Round "3"]
[White "Butenandt, Svenja"]
[Black "Duan, Muxi"]
[Result "1/2-1/2"]
[Termination "normal"]
[Board "5.7"]
[WhiteElo "1585"]
[BlackElo "1387"]
[WhiteClock "00:51:30"]
[BlackClock "00:48:58"]
[WhiteTeam "Bayern"]
[BlackTeam "Bremen"]
[PlyCount "60"]
[WhiteFideId "12993859"]
[BlackFideId "12971960"]
[EventCountry "GER"]
[EventRounds "7"]
[EventType "team-swiss"]
[EventDate "2017.09.29"]

1. e4 {[%clk 1:30:56]} e5 {[%clk 1:30:54]} 2. Nf3 {[%clk 1:31:21]} Nf6 {[%clk
1:30:33]} 3. Nc3 {[%clk 1:31:45]} Nc6 {[%clk 1:31:03]} 4. d4 {[%clk 1:32:09]}
exd4 {[%clk 1:31:05]} 5. Nxd4 {[%clk 1:32:33]} Bb4 {[%clk 1:31:16]} 6. Nxc6
{[%clk 1:32:56]} Bxc3+ {[%clk 1:30:59]} 7. bxc3 {[%clk 1:33:20]} bxc6 {[%clk
1:31:24]} 8. Bd3 {[%clk 1:33:39]} d6 {[%clk 1:31:19]} 9. O-O {[%clk 1:33:41]}
O-O {[%clk 1:31:46]} 10. h3 {[%clk 1:34:02]} Re8 {[%clk 1:30:13]} 11. Qf3
{[%clk 1:33:28]} Bd7 {[%clk 1:27:35]} 12. Bf4 {[%clk 1:32:01]} Re7 {[%clk
1:26:25]} 13. Rfe1 {[%clk 1:31:14]} Qe8 {[%clk 1:25:33]} 14. Re2 {[%clk
1:26:37]} Rb8 {[%clk 1:25:57]} 15. Rae1 {[%clk 1:23:30]} Rb7 {[%clk 1:19:40]}
16. Bg5 {[%clk 1:22:19]} Re6 {[%clk 1:15:32]} 17. Bc4 {[%clk 1:21:13]} d5
{[%clk 1:15:33]} 18. exd5 {[%clk 1:21:12]} Nxd5 {[%clk 1:15:07]} 19. Rxe6
{[%clk 1:20:28]} Bxe6 {[%clk 1:13:25]} 20. Bxd5 {[%clk 1:16:21]} cxd5 {[%clk
1:13:53]} 21. Qxd5 {[%clk 1:11:21]} Rb6 {[%clk 1:14:00]} 22. Qe4 {[%clk
1:10:39]} h6 {[%clk 1:13:03]} 23. Bh4 {[%clk 1:09:33]} Qb8 {[%clk 1:09:17]} 24.
a3 {[%clk 1:05:43]} Rb2 {[%clk 1:03:29]} 25. Rd1 {[%clk 1:05:40]} Rb1 {[%clk
0:55:11]} 26. Rxb1 {[%clk 1:05:53]} Qxb1+ {[%clk 0:55:39]} 27. Kh2 {[%clk
1:06:12]} Qb6 {[%clk 0:55:32]} 28. Bg3 {[%clk 1:03:05]} Qc5 {[%clk 0:48:35]}
29. Qb4 {[%clk 0:57:42]} Qb6 {[%clk 0:48:58]} 30. Qd4 {[%clk 0:51:30]} c5
1/2-1/2

[Event "Deutsche Ländermeisterschaft 2017"]
[Site "Hannover GER"]
[Date "2017.10.01"]
[Round "3"]
[White "Weishäutel, Moritz"]
[Black "Degenhard, Simon"]
[Result "0-1"]
[Termination "normal"]
[Board "6.1"]
[WhiteElo "2077"]
[BlackElo "2211"]
[WhiteClock "00:03:23"]
[BlackClock "00:34:51"]
[WhiteTeam "Thüringen"]
[BlackTeam "Württemberg"]
[PlyCount "100"]
[WhiteFideId "12967300"]
[BlackFideId "12944017"]
[EventCountry "GER"]
[EventRounds "7"]
[EventType "team-swiss"]
[EventDate "2017.09.29"]

1. e4 {[%clk 1:30:55]} c5 {[%clk 1:30:54]} 2. Nf3 {[%clk 1:31:21]} g6 {[%clk
1:31:19]} 3. d4 {[%clk 1:31:23]} cxd4 {[%clk 1:31:43]} 4. Nxd4 {[%clk 1:31:51]}
Bg7 {[%clk 1:32:05]} 5. c4 {[%clk 1:32:14]} Nc6 {[%clk 1:32:29]} 6. Be3 {[%clk
1:32:39]} Nf6 {[%clk 1:32:51]} 7. Nc3 {[%clk 1:33:05]} Ng4 {[%clk 1:31:56]} 8.
Qxg4 {[%clk 1:33:29]} Nxd4 {[%clk 1:32:20]} 9. Qd1 {[%clk 1:33:56]} Ne6 {[%clk
1:32:38]} 10. Qd2 {[%clk 1:33:26]} Qa5 {[%clk 1:32:58]} 11. Be2 {[%clk
1:31:52]} Bxc3 {[%clk 1:32:07]} 12. bxc3 {[%clk 1:31:40]} b6 {[%clk 1:30:50]}
13. O-O {[%clk 1:27:50]} Bb7 {[%clk 1:29:52]} 14. Rfd1 {[%clk 1:27:21]} d6
{[%clk 1:27:32]} 15. f3 {[%clk 1:25:37]} Rc8 {[%clk 1:24:59]} 16. Rab1 {[%clk
1:21:36]} Bc6 {[%clk 1:12:48]} 17. Rb3 {[%clk 1:11:56]} Nc5 {[%clk 1:10:13]}
18. Rb4 {[%clk 1:09:45]} f6 {[%clk 1:04:43]} 19. Bh6 {[%clk 0:34:01]} Kf7
{[%clk 1:01:30]} 20. Kh1 {[%clk 0:30:33]} Bd7 {[%clk 0:54:14]} 21. Be3 {[%clk
0:25:00]} Rc7 {[%clk 0:51:46]} 22. Bg1 {[%clk 0:18:02]} Be6 {[%clk 0:50:05]}
23. Qc2 {[%clk 0:16:43]} Qa6 {[%clk 0:46:48]} 24. Bxc5 {[%clk 0:15:50]} Rxc5
{[%clk 0:46:45]} 25. Rd4 {[%clk 0:15:34]} Rhc8 {[%clk 0:45:40]} 26. Qb3 {[%clk
0:15:01]} R8c6 {[%clk 0:42:07]} 27. Qa4 {[%clk 0:11:42]} Qb7 {[%clk 0:40:18]}
28. Rb5 {[%clk 0:11:19]} Qc7 {[%clk 0:40:05]} 29. Rxc5 {[%clk 0:11:42]} Rxc5
{[%clk 0:40:26]} 30. h3 {[%clk 0:09:13]} Ra5 {[%clk 0:39:49]} 31. Qb3 {[%clk
0:08:05]} Qc5 {[%clk 0:40:08]} 32. Rd2 {[%clk 0:04:16]} Ra3 {[%clk 0:38:18]}
33. Qb4 {[%clk 0:04:39]} Qa5 {[%clk 0:35:50]} 34. Qxa5 {[%clk 0:03:54]} Rxa5
{[%clk 0:35:56]} 35. Kg1 {[%clk 0:04:17]} Ra4 {[%clk 0:35:41]} 36. Kf2 {[%clk
0:04:12]} Bxc4 {[%clk 0:34:42]} 37. Bxc4+ {[%clk 0:04:37]} Rxc4 {[%clk
0:35:07]} 38. Rc2 {[%clk 0:03:53]} b5 {[%clk 0:34:03]} 39. Ke3 {[%clk 0:02:11]}
b4 {[%clk 0:33:12]} 40. Kd3 {[%clk 0:02:27]} Rxc3+ {[%clk 0:33:35]} 41. Rxc3
{[%clk 0:02:54]} bxc3 {[%clk 0:34:00]} 42. Kxc3 {[%clk 0:03:18]} f5 {[%clk
0:33:35]} 43. Kc4 {[%clk 0:03:20]} fxe4 {[%clk 0:33:29]} 44. fxe4 {[%clk
0:03:48]} Ke6 {[%clk 0:33:52]} 45. Kd4 {[%clk 0:02:50]} Kd7 {[%clk 0:34:05]}
46. g4 {[%clk 0:02:25]} g5 {[%clk 0:34:13]} 47. e5 {[%clk 0:02:22]} e6 {[%clk
0:34:14]} 48. exd6 {[%clk 0:02:41]} Kxd6 {[%clk 0:34:43]} 49. Ke4 {[%clk
0:03:06]} e5 {[%clk 0:34:27]} 50. Kf5 {[%clk 0:03:23]} Kd5 {[%clk 0:34:51]} 0-1

[Event "Deutsche Ländermeisterschaft 2017"]
[Site "Hannover GER"]
[Date "2017.10.01"]
[Round "3"]
[White "Wendler, David"]
[Black "Philipp, Mathias"]
[Result "0-1"]
[Termination "normal"]
[Board "6.2"]
[WhiteElo "2066"]
[BlackElo "2108"]
[WhiteClock "00:11:48"]
[BlackClock "01:03:55"]
[WhiteTeam "Württemberg"]
[BlackTeam "Thüringen"]
[PlyCount "120"]
[WhiteFideId "12938360"]
[BlackFideId "12958883"]
[EventCountry "GER"]
[EventRounds "7"]
[EventType "team-swiss"]
[EventDate "2017.09.29"]

1. e4 {[%clk 1:30:52]} d6 {[%clk 1:30:56]} 2. d4 {[%clk 1:30:25]} Nf6 {[%clk
1:31:21]} 3. Nc3 {[%clk 1:30:05]} Nbd7 {[%clk 1:31:45]} 4. Be3 {[%clk 1:26:31]}
e5 {[%clk 1:31:52]} 5. Nf3 {[%clk 1:22:19]} Be7 {[%clk 1:31:08]} 6. Be2 {[%clk
1:16:24]} c6 {[%clk 1:31:24]} 7. O-O {[%clk 1:14:39]} Qc7 {[%clk 1:30:49]} 8.
a4 {[%clk 1:11:55]} a5 {[%clk 1:30:51]} 9. h3 {[%clk 1:10:50]} h6 {[%clk
1:30:59]} 10. Qd2 {[%clk 1:07:12]} g5 {[%clk 1:28:54]} 11. Nh2 {[%clk 1:02:07]}
Nf8 {[%clk 1:29:06]} 12. Ng4 {[%clk 0:55:45]} Nxg4 {[%clk 1:28:58]} 13. hxg4
{[%clk 0:56:03]} Ng6 {[%clk 1:29:23]} 14. g3 {[%clk 0:55:01]} Bd7 {[%clk
1:27:16]} 15. d5 {[%clk 0:52:23]} Rg8 {[%clk 1:21:46]} 16. f3 {[%clk 0:45:49]}
Rh8 {[%clk 1:15:57]} 17. Rab1 {[%clk 0:44:04]} c5 {[%clk 1:06:59]} 18. Bb5
{[%clk 0:42:10]} O-O-O {[%clk 1:05:14]} 19. Bxd7+ {[%clk 0:41:00]} Qxd7 {[%clk
1:05:27]} 20. Nb5 {[%clk 0:39:24]} b6 {[%clk 1:05:06]} 21. b4 {[%clk 0:32:14]}
axb4 {[%clk 1:02:46]} 22. c3 {[%clk 0:32:14]} h5 {[%clk 1:02:31]} 23. gxh5
{[%clk 0:23:54]} Rxh5 {[%clk 1:02:21]} 24. g4 {[%clk 0:24:11]} Rh3 {[%clk
1:01:23]} 25. cxb4 {[%clk 0:16:36]} Rdh8 {[%clk 1:00:52]} 26. Qg2 {[%clk
0:16:38]} Nf4 {[%clk 1:01:02]} 27. Bxf4 {[%clk 0:16:58]} gxf4 {[%clk 1:01:18]}
28. bxc5 {[%clk 0:16:59]} dxc5 {[%clk 1:00:56]} 29. d6 {[%clk 0:12:13]} Bd8
{[%clk 1:00:28]} 30. Rfd1 {[%clk 0:09:24]} Rg3 {[%clk 0:59:30]} 31. a5 {[%clk
0:08:12]} f6 {[%clk 0:58:23]} 32. Kf2 {[%clk 0:03:43]} Rxg2+ {[%clk 0:58:26]}
33. Kxg2 {[%clk 0:04:08]} bxa5 {[%clk 0:57:45]} 34. Nc3 {[%clk 0:01:07]} Qh7
{[%clk 0:55:58]} 35. Rh1 {[%clk 0:00:38]} Qxh1+ {[%clk 0:56:19]} 36. Rxh1
{[%clk 0:01:01]} Rxh1 {[%clk 0:56:46]} 37. Kxh1 {[%clk 0:01:24]} Kd7 {[%clk
0:57:15]} 38. Kg2 {[%clk 0:01:12]} Kxd6 {[%clk 0:57:40]} 39. Kf2 {[%clk
0:01:33]} c4 {[%clk 0:57:36]} 40. Ke2 {[%clk 0:01:43]} Ke6 {[%clk 0:45:41]} 41.
Kd2 {[%clk 0:30:29]} Be7 {[%clk 1:13:09]} 42. Nd5 {[%clk 0:26:58]} Bb4+ {[%clk
1:12:50]} 43. Kc2 {[%clk 0:27:09]} Kf7 {[%clk 1:12:55]} 44. Nb6 {[%clk
0:25:38]} Bc5 {[%clk 1:05:11]} 45. Nxc4 {[%clk 0:23:42]} a4 {[%clk 1:05:30]}
46. Nb2 {[%clk 0:16:17]} a3 {[%clk 1:05:37]} 47. Nd3 {[%clk 0:16:37]} Bd6
{[%clk 1:05:55]} 48. Nc1 {[%clk 0:16:53]} Kg6 {[%clk 1:04:37]} 49. Na2 {[%clk
0:17:14]} Kg5 {[%clk 1:04:43]} 50. Nc3 {[%clk 0:17:37]} Be7 {[%clk 1:04:10]}
51. Nd5 {[%clk 0:14:42]} Bd8 {[%clk 1:04:27]} 52. Kb3 {[%clk 0:14:51]} Kh4
{[%clk 1:04:40]} 53. Kxa3 {[%clk 0:15:14]} Kg3 {[%clk 1:05:07]} 54. Kb3 {[%clk
0:15:03]} Kxf3 {[%clk 1:05:32]} 55. Nc3 {[%clk 0:14:32]} Kxg4 {[%clk 1:05:03]}
56. Kc4 {[%clk 0:14:47]} Kf3 {[%clk 1:04:32]} 57. Kd3 {[%clk 0:14:53]} Bb6
{[%clk 1:03:31]} 58. Nd5 {[%clk 0:14:51]} Bd4 {[%clk 1:03:39]} 59. Nxf6 {[%clk
0:14:37]} Kg2 {[%clk 1:03:54]} 60. Nh5 {[%clk 0:11:48]} f3 {[%clk 1:03:55]} 0-1

[Event "Deutsche Ländermeisterschaft 2017"]
[Site "Hannover GER"]
[Date "2017.10.01"]
[Round "3"]
[White "Carnot, Luca"]
[Black "Reindl, Arno"]
[Result "1-0"]
[Termination "normal"]
[Board "6.3"]
[WhiteElo "1968"]
[BlackElo "2083"]
[WhiteClock "00:36:08"]
[BlackClock "00:28:19"]
[WhiteTeam "Thüringen"]
[BlackTeam "Württemberg"]
[PlyCount "55"]
[WhiteFideId "12958964"]
[BlackFideId "12946729"]
[EventCountry "GER"]
[EventRounds "7"]
[EventType "team-swiss"]
[EventDate "2017.09.29"]

1. Nf3 {[%clk 1:30:56]} Nf6 {[%clk 1:30:16]} 2. g3 {[%clk 1:31:22]} g6 {[%clk
1:29:58]} 3. Bg2 {[%clk 1:31:47]} Bg7 {[%clk 1:30:03]} 4. O-O {[%clk 1:32:11]}
O-O {[%clk 1:30:13]} 5. d4 {[%clk 1:32:35]} d5 {[%clk 1:29:40]} 6. c4 {[%clk
1:32:59]} c6 {[%clk 1:29:53]} 7. cxd5 {[%clk 1:32:52]} Nxd5 {[%clk 1:27:36]} 8.
e4 {[%clk 1:31:55]} Nb6 {[%clk 1:26:11]} 9. h3 {[%clk 1:19:00]} Na6 {[%clk
1:23:54]} 10. Nc3 {[%clk 1:17:30]} Be6 {[%clk 1:20:55]} 11. Re1 {[%clk
1:15:54]} Nc7 {[%clk 1:18:00]} 12. Bf4 {[%clk 1:14:51]} Bc4 {[%clk 1:11:45]}
13. b3 {[%clk 1:10:18]} Be6 {[%clk 1:06:35]} 14. Rc1 {[%clk 1:08:45]} Rc8
{[%clk 0:57:40]} 15. Be3 {[%clk 1:04:33]} Qd7 {[%clk 0:52:06]} 16. Kh2 {[%clk
1:02:40]} Rfd8 {[%clk 0:51:24]} 17. Qe2 {[%clk 1:02:55]} f5 {[%clk 0:43:26]}
18. Rcd1 {[%clk 0:54:25]} fxe4 {[%clk 0:41:03]} 19. Nxe4 {[%clk 0:53:31]} Na6
{[%clk 0:39:46]} 20. Nc5 {[%clk 0:48:05]} Nxc5 {[%clk 0:39:03]} 21. dxc5 {[%clk
0:47:08]} Nd5 {[%clk 0:39:27]} 22. Bd4 {[%clk 0:47:11]} Bf7 {[%clk 0:33:21]}
23. Bxg7 {[%clk 0:36:44]} Kxg7 {[%clk 0:33:43]} 24. Qb2+ {[%clk 0:36:37]} Kg8
{[%clk 0:33:38]} 25. Ne5 {[%clk 0:36:36]} Qf5 {[%clk 0:31:02]} 26. Ng4 {[%clk
0:35:42]} Kf8 {[%clk 0:27:55]} 27. Qh8+ {[%clk 0:35:59]} Bg8 {[%clk 0:28:19]}
28. Nh6 {[%clk 0:36:08]} 1-0